| 000 | 00710nam a2200229Ia 4500 | ||
|---|---|---|---|
| 008 | 180523s9999 xx 000 0 und d | ||
| 020 | _a1-59139-501-1 | ||
| 050 | _aMAIN HD 60 | ||
| 050 | _b.H37 2004 | ||
| 245 | 0 | _aHarvard business review on leadership in a changed world / | |
| 260 | _aMassachusetts : | ||
| 260 | _bHarvard Business School Press, | ||
| 260 | _c2004 | ||
| 300 | _a208 pages : | ||
| 300 | _c21 cm. | ||
| 440 | _aThe Harvard business review paperback series. | ||
| 500 | _aIncludes index. | ||
| 650 | _aLeadership. | ||
| 650 | _aSocial responsibility of business. | ||
| 650 | _xGlobalization -- economic aspects. | ||
| 650 | _xInternational business enterprises -- Management. | ||
| 999 |
_c356930 _d356930 |
||